000 00448nam a2200181Ia 4500
008 221030s9999 xx 000 0 und d
020 _a0071001352
041 _aEnglish
082 _a105.23
_bBee
100 _aF. P. Beer
245 0 _aMechanics For Engineering Dynamics
_cby F. P. Beer, E. R. Johnston
250 _a4th
260 _bTMH
_aNew Delhi
_c1987
300 _a926
650 _aMechanical
700 _aE. R. Johnston
942 _cBK
999 _c7466
_d7466